El exilio literario español de 1939
Uloženo v:
| Hlavní autor: | |
|---|---|
| Médium: | Kniha |
| Jazyk: | španělština |
| Vydáno: |
Barcelona
Gexel
1998
|
| Edice: | Colección Serpa Pinto, 1
|
| Témata: | |
| Tagy: |
Přidat tag
Žádné tagy, Buďte první, kdo vytvoří štítek k tomuto záznamu!
|
MARC
| LEADER | 00000nam a2200000 a 4500 | ||
|---|---|---|---|
| 001 | UCP4438 | ||
| 003 | CL-VaPUC | ||
| 005 | 20220427074658.0 | ||
| 008 | 990731e19980000sp 1 spa d | ||
| 082 | 0 | 4 | |a 860.9 |b AZN |2 21 |
| 100 | 1 | |a Aznar Soler, Manuel |e author |9 620476 | |
| 245 | 1 | 3 | |a El exilio literario español de 1939 |
| 260 | |a Barcelona |b Gexel |c 1998 | ||
| 300 | |a v | ||
| 490 | 0 | |a Colección Serpa Pinto, 1 | |
| 583 | |a last modification |c 19990731 00:00:00 |k Rodrigo Vera | ||
| 650 | 0 | 0 | |a Literatura española |9 306261 |
| 650 | 0 | 0 | |a Crítica literaria |9 269189 |
| 650 | 0 | 0 | |a Poesía española |9 264938 |
| 650 | 0 | 7 | |a NOVELA ESPAÑOLA |2 CL-VaPUC |9 313139 |
| 650 | 0 | 0 | |a Congresos |9 257560 |
| 942 | |c BK | ||
| 945 | |a rbrito |d 19990731 00:00:00 | ||
| 546 | |a En Español | ||
| 518 | |p Actas del congreso internacional, 1 er, Bellaterra, 1995 | ||
| 999 | |c 383969 |d 383967 | ||
| 952 | |0 0 |1 0 |4 0 |6 860_900000000000000_AZN_1998 |7 0 |8 A |9 506309 |a BIBEDU |b BIBEDU |d 2020-01-23 |h v.2 |i 3546136 |o 860.9 AZN 1998 |p 3546136 |r 2020-01-23 |w 2020-01-23 |y BK |k LIT | ||